Biology today and tomorrow with physiology / (Record no. 14086)
[ view plain ]
| 000 -LEADER | |
|---|---|
| fixed length control field | 00782nam a22002535a 4500 |
| 001 - CONTROL NUMBER | |
| JCCL Control Number | 14086 |
| 003 - CONTROL NUMBER IDENTIFIER | |
| JCCL marc code | BD-JhCC |
| 005 - DATE AND TIME OF LATEST TRANSACTION | |
| control field | 20240919134450.0 |
| 008 - FIXED-LENGTH DATA ELEMENTS--GENERAL INFORMATION | |
| fixed length control field | 120210s20102012cau 000 0 eng |
| 035 ## - SYSTEM CONTROL NUMBER | |
| system control number | (BD-JhCC)14086 |
| 040 ## - CATALOGING SOURCE | |
| Original cataloging agency | DLC |
| Transcribing agency | DLC |
| Modifying agency | BD-JhCC |
| 041 ## - LANGUAGE CODE | |
| Language code of Book | english |
| 082 ## - DEWEY DECIMAL CLASSIFICATION NUMBER | |
| Classification number | 570 |
| Author mark and Year | STA 2010 |
| 100 1# - MAIN ENTRY--PERSONAL NAME | |
| Personal name | Starr, Cecie. |
| 245 10 - TITLE STATEMENT | |
| Title | Biology today and tomorrow with physiology / |
| Statement of responsibility, etc | Cecie Starr, Christine A. Evers, Lisa Starr. |
| 250 ## - EDITION STATEMENT | |
| Edition statement | 4th Ed. |
| 260 ## - PUBLICATION, DISTRIBUTION, ETC. (IMPRINT) | |
| Place of publication, distribution, etc | Belmont, CA : |
| Name of publisher, distributor, etc | Brooks/Cole, Cengage Learning, |
| Date of publication, distribution, etc | 2010. |
| 300 ## - PHYSICAL DESCRIPTION | |
| Pagination | 636 p. : |
| Other physical details | ill; |
| Dimensions | 26 cm. |
| 650 ## - SUBJECT ADDED ENTRY--TOPICAL TERM | |
| Topical term or geographic name as entry element | Biologie |
| Form subdivision | Biology |
| General subdivision | Biology Problems, exercises, etc |
| Chronological subdivision | Biology Social aspects |
| Geographic subdivision | Physiologie |
| 700 ## - ADDED ENTRY--PERSONAL NAME | |
| Personal name | Evers, Christine A. |
| 700 ## - ADDED ENTRY--PERSONAL NAME | |
| Personal name | Starr,Lisa |
| 942 ## - ADDED ENTRY ELEMENTS (KOHA) | |
| Source of classification or shelving scheme | Dewey Decimal Classification |
| Koha item type | Books |
| Source of classification or shelving scheme | Damaged status | Not for loan | Home library | Current library | Shelving location | Date of accession | Source of acquisition | Cost, normal purchase price | Total Checkouts | Full call number | Barcode | Date last seen | Copy number | Method of acquisition | Koha item type | Currency |
|---|---|---|---|---|---|---|---|---|---|---|---|---|---|---|---|---|
| Dewey Decimal Classification | Not For Loan | JCC Rouf Library | JCC Rouf Library | General Stacks | 09/19/2024 | With the Compliments Of Shahriar Imtiaz Rahman 27/1483/K | 5257.00 | 570 STA 2010 | 19706 | 09/19/2024 | C-1 | Gift/Donation | Books | BDT |